NBA Players With The Longest Wingspan - Statistics

General Stats
  • This quiz has been taken 18 times
  • The average score is 8 of 15
Answer Stats
Wingspan Draft Year / Join Date Team Drafted to / First Joined Answer % Correct
8-foot 6-inches 1985 Washington Bullets Manute Bol
94%
7-foot 7-inches 2019 Miami Heat (traded to nuggets on draft day) Bol Bol
88%
8-foot 2023 San Antonio Spurs Victor Wembanyama
82%
7-foot 7-inches 1992 Orlando Magic Shaquille O’Neal
76%
7-foot 8-inches 1959 Golden State Warriors Wilt Chamberlain
71%
7-foot 8-inches 2004 Orlando Magic Dwight Howard
65%
7-foot 5-inches 2002 Houston Rockets Yao Ming
65%
8-foot 2-inches 2019 Boston Celtics Tacko Fall
53%
8-foot 1980 Boston Celtics Kevin McHale
47%
7-foot 6.5-inches 1992 Charlotte Hornets Alonzo Mourning
41%
7-foot 6.25-inches 2012 Detroit Pistons Andre Drummond
29%
7-foot 10-inches 2015 San Antonio Spurs Boban Marjanovic
24%
7-foot 10-inches 2018 Orlando Magic Mo Bamba
24%
7-foot 8.5-inches 2013 Denver Nuggets Rudy Gobert
18%
7-foot 7-inches 2010 Sacramento Kings Hassan Whiteside
6%
No matching quizzes found
Score Distribution
Percent of People with Each Score
Percentile by Number Answered
Your Score History
You have not taken this quiz